Introduction to solid state physics

Guardado en:
Detalles Bibliográficos
Autor principal: Kittel, Charles (Autor)
Formato: Libro
Lenguaje:inglés
Publicado: Nueva York John Wiley 1976
Edición:5a. ed
Materias:
Etiquetas: Agregar Etiqueta
Sin Etiquetas, Sea el primero en etiquetar este registro!

MARC

LEADER 00000nam a2200000 a 4500
001 UCU1715
003 CL-VaPUC
008 960412e19760000US |||||||||||||||||eng|d
082 0 4 |a 530.41  |b KIT  |2 21 
100 |a Kittel, Charles  |e author  |9 567840 
245 1 0 |a Introduction to solid state physics 
250 |a 5a. ed 
300 |a 608 p 
942 |c BK 
945 |d 19960412 00:00:00  |a mcarcey 
260 |a Nueva York  |b John Wiley  |c 1976 
650 0 |a Física   |9 227844 
650 0 |a Sólidos  |9 260188 
650 7 |a CRISTALES  |2 CL-VaPUC  |9 357403 
650 0 |a Gases  |9 260945 
650 0 |a Optica   |9 263171 
650 7 |a SUPERCONDUCTIVIDAD  |2 CL-VaPUC  |9 314465 
650 7 |a DIALECTRICA  |2 CL-VaPUC  |9 357404 
650 0 |a Semiconductores  |9 260250 
650 0 |a Magnetismo  |9 260336 
583 |a last modification  |c 19960412 00:00:00  |k Rodrigo Vera 
999 |c 246237  |d 246235 
952 |0 0  |1 0  |4 0  |6 530_410000000000000_KIT_1976  |7 0  |8 A  |9 261030  |a BIBCUR  |b BIBCUR  |d 2019-11-19  |i 3188949  |l 1  |o 530.41 KIT 1976  |p 3188949  |r 2025-04-22  |s 2023-08-25  |w 2019-11-19  |y BK  |k BCB